Loading...
| Current Events | 1 | 30.00 | 100% | 100% | 100% |
| Fine Arts - Auditory Fine Arts | 3 | 20.00 | 100% | 67% | 33% |
| Fine Arts - Other Fine Arts | 6 | 13.33 | 83% | 50% | 0% |
| Fine Arts - Visual Fine Arts | 5 | 18.00 | 100% | 80% | 0% |
| Geography | 2 | 10.00 | 100% | 0% | 0% |
| History - American History | 6 | 11.67 | 50% | 50% | 17% |
| History - European History | 3 | 20.00 | 100% | 67% | 33% |
| History - Other History | 7 | 24.29 | 100% | 100% | 43% |
| History - World History | 6 | 21.67 | 100% | 83% | 33% |
| Literature - American Literature | 8 | 20.00 | 100% | 75% | 25% |
| Literature - British Literature | 4 | 22.50 | 100% | 75% | 50% |
| Literature - European Literature | 5 | 20.00 | 100% | 80% | 20% |
| Literature - World Literature | 8 | 18.75 | 100% | 75% | 13% |
| Mythology | 2 | 10.00 | 50% | 50% | 0% |
| Other Academic | 1 | 20.00 | 100% | 0% | 100% |
| Philosophy | 6 | 15.00 | 100% | 50% | 0% |
| Religion | 5 | 22.00 | 100% | 100% | 20% |
| Science - Biology | 7 | 22.86 | 100% | 86% | 43% |
| Science - Chemistry | 3 | 20.00 | 100% | 67% | 33% |
| Science - Other Science | 7 | 22.86 | 100% | 86% | 43% |
| Science - Physics | 5 | 14.00 | 100% | 40% | 0% |
| Social Science | 6 | 20.00 | 100% | 67% | 33% |